00306nam a2200109Ia 45000010005000000080041000050200022000460820021000681000020000892450062001092600025001712495241024s9999 xx 000 0 und d a978-9945-074-52-9 aRD/372.891/C459d aAmparo Chantada 0aDidáctica de la Geografía para profesores de sociales bEditora Búhoc2012